Statistics for Biggest U.S Cities By Population

Click here to take the quiz!

General Stats

  • This quiz has been taken 24 times
  • The average score is 28 of 50

Answer Stats

PopulationStateCity% Correct
2,693,976IllinoisCChicago
100%
3,979,576CaliforniaLLos Angeles
100%
8,336,817New YorkNNew York City
100%
2,320,268TexasHHouston
95%
1,584,064PennsylvaniaPPhiladelphia
95%
1,343,573TexasDDallas
91%
1,680,992ArizonaPPhoenix
91%
911,507FloridaJJacksonville
86%
1,547,253TexasSSan Antonio
86%
978,908TexasAAustin
82%
692,600MassachusettsBBoston
82%
727,211ColoradoDDenver
82%
1,423,851CaliforniaSSan Diego
82%
705,749District of ColumbiaWWashington
82%
881,549CaliforniaSSan Francisco
77%
753,675WashingtonSSeattle
77%
898,553OhioCColumbus
73%
909,585TexasFFort Worth
73%
876,384IndianaIIndianapolis
73%
670,031MichiganDDetroit
68%
681,728TexasEEl Paso
64%
654,741OregonPPortland
64%
593,490MarylandBBaltimore
59%
885,708North CarolinaCCharlotte
59%
495,327KansasKKansas City
59%
651,073TennesseeMMemphis
59%
1,021,795CaliforniaSSan Jose
59%
467,963FloridaMMiami
55%
651,319NevadaLLas Vegas
50%
670,820TennesseeNNashville
45%
655,057OklahomaOOklahoma City
45%
399,700FloridaTTampa
45%
548,073ArizonaTTucson
45%
506,811GeorgiaAAtlanta
36%
429,606MinnesotaMMinneapolis
36%
617,638KentuckyLLouisville
32%
449,974VirginiaVVirginia Beach
32%
560,513New MexicoAAlbuquerque
27%
531,576CaliforniaFFresno
27%
433,031CaliforniaOOakland
27%
474,069North CarolinaRRaleigh
27%
401,190OklahomaTTulsa
27%
478,221ColoradoCColorado Springs
23%
518,012ArizonaMMesa
23%
590,157WisconsinMMilwaukee
23%
513,624CaliforniaSSacramento
23%
398,854TexasAArlington
18%
390,144LouisianaNNew Orleans
18%
478,192NebraskaOOmaha
18%
462,628CaliforniaLLong Beach
14%

Score Distribution

Percentile by Number Answered

Percent of People with Each Score

Your Score History

You have not taken this quiz